00463nam a2200181 a 4500001001300000003000900013005001700022008004100039020000900080082001500089100001800104245004800122260003500170300000900205500003500214505001500249650001700264nice12345678IN_TiNIC20260116015146.0050524s1994 hyda grp 000 0 eng  ac3000a923.2bVIN aVinoba, Bhave aMoved By Loveb the Memoirs of Vinoba Bhave aHyderabadbGandhi Darsanc1994 a303p aincludes index and biblioraphy2 aAppendices aVinoba Bhave